| 000 | 00481nam a2200133Ia 4500 | ||
|---|---|---|---|
| 008 | 220217s9999 xx 000 0 und d | ||
| 245 | 0 | _aMethods of test for vulcanized rubbers. Part XVI. Measurement of cut growth of rubber by the use of the ross flexing machine | |
| 260 | _aNew Delhi | ||
| 260 |
_c1974 _bISI |
||
| 490 | _aMethods of Testing Vulc Rubbers Subcom,CDC 6:9 | ||
| 500 | _aStandard number: IS 3400 (Part XVI) | ||
| 650 | _aRubber vulcanized, cut growth | ||
| 942 | _cST | ||
| 999 |
_c73662 _d73662 |
||